Normal view
MARC view
- فالون، هنري؛ ترجمة راجح، احمد عزت ؛ مراجعة قنديل،امين مرسي
Entry Personal Name
001 - CONTROL NUMBER
- control field: 35190
003 - CONTROL NUMBER IDENTIFIER
- control field: JO-AjAnu
005 - DATE AND TIME OF LATEST TRANSACTION
- control field: 20230606075904.0
008 - FIXED-LENGTH DATA ELEMENTS
- fixed length control field: 230606|| aca||aabn | a|a d
040 ## - CATALOGING SOURCE
- Original cataloging agency: JO-AjAnu
- Transcribing agency: JO-AjAnu
100 ## - HEADING--PERSONAL NAME
- Personal name: فالون، هنري؛ ترجمة راجح، احمد عزت ؛ مراجعة قنديل،امين مرسي
670 ## - SOURCE DATA FOUND
- Source citation: Work cat.: (JO-AjAnu)18071: فالون، هنري؛ ترجمة راجح، احمد عزت ؛ مراجعة قنديل،امين مرسي , author, علم النفس التطبيقي